000 006470000a22001810004500
003 MACL
005 20160515150346.0
008 160515b xxu||||| |||| 00| 0 eng d
040 _aMACL
_cMACL
041 _aHindi
082 _a891.433 ASH
100 _aअश्‍क, उपेन्‍द्र नाथ
_941793
245 _aअश्‍क की सर्वश्रेष्‍ठ कहानियॉ
_cउपेन्‍द्र नाथ अश्‍क
260 _bउपासना प्रकाशन
_c2008
_aइलाहाबाद
350 _a125
650 _aStories
_957431
942 _cHIN
_k891.433/ASH/S
_2ddc
999 _c22067
_d22067